000 00251nam a2200109Ia 4500
008 230320s9999||||xx |||||||||||||| ||spa||
082 _a194/D59P
100 _aDescartes, René
245 0 _aLas Pasiones Del Alma
260 _bAguilar
942 _80
_cLIB
999 _c26397
_d26397